<?xml version="1.0" encoding="UTF-8"?>
<collection xmlns="http://www.loc.gov/MARC21/slim">
    <record>
        <controlfield tag="001">57460</controlfield>
        <controlfield tag="005">20161116105736.0</controlfield>
        <datafield tag="037" ind1=" " ind2=" ">
            <subfield code="a">TAZ-TFG-2016-562</subfield>
        </datafield>
        <datafield tag="041" ind1=" " ind2=" ">
            <subfield code="a">spa</subfield>
        </datafield>
        <datafield tag="100" ind1="1" ind2=" ">
            <subfield code="a">Borobia Lafuente, Alberto</subfield>
        </datafield>
        <datafield tag="242" ind1="0" ind2="0">
            <subfield code="a"> CROHN’S DISEASE, A NEW HOPE</subfield>
        </datafield>
        <datafield tag="245" ind1="0" ind2="0">
            <subfield code="a">Enfermedad de Crohn, una nueva esperanza.</subfield>
        </datafield>
        <datafield tag="260" ind1=" " ind2=" ">
            <subfield code="a">Zaragoza</subfield>
            <subfield code="b">Universidad de Zaragoza</subfield>
            <subfield code="c">2016</subfield>
        </datafield>
        <datafield tag="506" ind1=" " ind2=" ">
            <subfield code="a">by-nc-sa</subfield>
            <subfield code="b">Creative Commons</subfield>
            <subfield code="c">3.0</subfield>
            <subfield code="u">http://creativecommons.org/licenses/by-nc-sa/3.0/</subfield>
        </datafield>
        <datafield tag="520" ind1=" " ind2=" ">
            <subfield code="a">Introducción: La enfermedad de Crohn (EC) se engloba dentro del grupo de Enfermedades Inflamatorias del intestino.Frecuente en regiones nórdicas y urbanas,  no llegaría a España hasta los años 70y, desde entonces, su incidencia ha ido en aumento. La pérdida de control de la enfermedad y la dificultad de compaginarla con la vida laboral y recreativa lleva a estos pacientes a estados de depresión y labilidad emocional. Objetivo: Realizar un programa de educación para la salud dirigido a pacientes con EC de 15 a 30 años, pertenecientes al Sector II de Aragón, en el Centro de Salud. Metodología: Se ha realizado una revisión bibliográfica en bases de datos, sitios web y libros. Se ha desarrollado estrategias para la puesta en marcha del programa. Desarrollo: Se ha realizado una valoración diagnóstica y se ha establecido como objetivo mejorar la calidad de vida de los pacientes EC. El programa durará un mes y constará de cuatro sesiones. Conclusiones: Se analizarán las encuestas establecidas para la evaluación. Si el programa desarrollado resulta válido, será capaz de proporcionar conocimientos a sus participantes, solucionar dudas y sus futuros problemas. La incidencia de estados depresivos disminuirá. Mejorará la adherencia al tratamiento y los pacientes se verán respaldados por los profesionales sanitarios.</subfield>
        </datafield>
        <datafield tag="521" ind1=" " ind2=" ">
            <subfield code="a">Graduado en Enfermería</subfield>
        </datafield>
        <datafield tag="540" ind1=" " ind2=" ">
            <subfield code="a">Derechos regulados por licencia Creative Commons</subfield>
        </datafield>
        <datafield tag="700" ind1=" " ind2=" ">
            <subfield code="a">Falcón Albero, María Ascensión</subfield>
            <subfield code="e">dir.</subfield>
        </datafield>
        <datafield tag="710" ind1="2" ind2=" ">
            <subfield code="a">Universidad de Zaragoza</subfield>
            <subfield code="b">Fisiatría y Enfermería</subfield>
            <subfield code="c">Enfermería</subfield>
        </datafield>
        <datafield tag="856" ind1="0" ind2=" ">
            <subfield code="f">666325@celes.unizar.es</subfield>
        </datafield>
        <datafield tag="856" ind1="4" ind2=" ">
            <subfield code="s">371354</subfield>
            <subfield code="u">http://zaguan.unizar.es/record/57460/files/TAZ-TFG-2016-562.pdf</subfield>
            <subfield code="y">Memoria (spa)</subfield>
        </datafield>
        <datafield tag="909" ind1="C" ind2="O">
            <subfield code="o">oai:zaguan.unizar.es:57460</subfield>
            <subfield code="p">driver</subfield>
            <subfield code="p">trabajos-fin-grado</subfield>
        </datafield>
        <datafield tag="950" ind1=" " ind2=" ">
            <subfield code="a"></subfield>
        </datafield>
        <datafield tag="951" ind1=" " ind2=" ">
            <subfield code="a">deposita:2016-11-14</subfield>
        </datafield>
        <datafield tag="980" ind1=" " ind2=" ">
            <subfield code="a">TAZ</subfield>
            <subfield code="b">TFG</subfield>
            <subfield code="c">EUCS</subfield>
        </datafield>
    </record>

    
</collection>